Κανάρης
Αποθηκεύτηκε σε:
| Κύριος συγγραφέας: | |
|---|---|
| Μορφή: | Βιβλίο |
| Γλώσσα: | Greek |
| Δημοσίευση: |
Αθήνα :
Ζαχαρόπουλος,
c1988.
|
| Έκδοση: | 16η εκδ. |
| Σειρά: | Ιστορία (Ζαχαρόπουλος)
; 4 |
| Θέματα: | |
| Ετικέτες: |
Προσθήκη ετικέτας
Δεν υπάρχουν, Καταχωρήστε ετικέτα πρώτοι!
|
MARC
| LEADER | 00000cam a2200000 i 4500 | ||
|---|---|---|---|
| 001 | 1/33340 | ||
| 008 | 941103s1988 gr | ||| |||| ||gre|| | ||
| 035 | |a 1989 |c ΔΩΡΕΑ |l 10039342 | ||
| 040 | |a GR-MyUA |b gre |e AACR2 | ||
| 041 | 0 | |a gre | |
| 082 | 7 | |a 938.5 |2 (22) | |
| 100 | 1 | |a Φωτιάδης, Δημήτρης. | |
| 245 | 1 | 0 | |a Κανάρης / |c Δημήτρη Φωτιάδη. |
| 250 | |a 16η εκδ. | ||
| 260 | |a Αθήνα : |b Ζαχαρόπουλος, |c c1988. | ||
| 300 | |a 904 σ. ; |c 18 εκ. | ||
| 490 | 1 | |a (Ιστορία / Ζαχαρόπουλος ; |v 4) | |
| 600 | 1 | 0 | |a Κανάρης, Κωνσταντίνος, |d 1793-1877. |
| 651 | 0 | |a Greece |x History |y War of Independence, 1821-1829. | |
| 830 | 0 | |a Ιστορία (Ζαχαρόπουλος) |v ; 4 | |
| 852 | |a INST |b SAMOS |e 19941103 |h 938.5 ΦΩΤ |p 005300000445 |q 005300000445 |t BK |y 0 | ||
| 909 | |a Σ |b 000094 | ||
| 970 | |z 1994/11 | ||